Ringkasan ketetapan Madjelis Permusjawaratan Rakjat Sementara--Republik Indonesia. (Record no. 56740)

MARC details
000 -LEADER
fixed length control field 00741cam a22002291i 4500
001 - CONTROL NUMBER
control field sa 64001426
003 - CONTROL NUMBER IDENTIFIER
control field DLC
005 - DATE AND TIME OF LATEST TRANSACTION
control field 20260227112002.0
008 - FIXED-LENGTH DATA ELEMENTS--GENERAL INFORMATION
fixed length control field 830524s1961 io ac 000 0 ind
010 ## - LIBRARY OF CONGRESS CONTROL NUMBER
LC control number sa 64001426
035 ## - SYSTEM CONTROL NUMBER
System control number (OCoLC)9539496
040 ## - CATALOGING SOURCE
Original cataloging agency DLC
Transcribing agency OAU
Modifying agency DLC
042 ## - AUTHENTICATION CODE
Authentication code premarc
043 ## - GEOGRAPHIC AREA CODE
Geographic area code a-io---
050 00 - LIBRARY OF CONGRESS CALL NUMBER
Classification number HC446
Item number .A5 1961
110 1# - MAIN ENTRY--CORPORATE NAME
Corporate name or jurisdiction name as entry element Indonesia.
Subordinate unit Majelis Permusyawaratan Rakyat.
245 10 - TITLE STATEMENT
Title Ringkasan ketetapan Madjelis Permusjawaratan Rakjat Sementara--Republik Indonesia.
Remainder of title No. I dan II/MPRS/1960.
260 ## - PUBLICATION, DISTRIBUTION, ETC.
Place of publication, distribution, etc. Djakarta ;
Name of publisher, distributor, etc. M.P.R.S. dan Departemen Penerangan,
Date of publication, distribution, etc. [1961]
300 ## - PHYSICAL DESCRIPTION
Extent 279 p. :
Other physical details ill., ports ;
Dimensions 21 cm.
651 #0 - SUBJECT ADDED ENTRY--GEOGRAPHIC NAME
Geographic name Indonesia
General subdivision Economic policy.
776 1# - ADDITIONAL PHYSICAL FORM ENTRY
Qualifying information Microfiche
Record control number (DLC) 2007566534

No items available.

Powered by Koha